[Event "Regionalliga SW 1718 (Women)"]
[Site "Germany"]
[Date "2017.12.17"]
[Round "3.3"]
[White "Peschk, Kathrin"]
[Black "Hanka, Katrin"]
[Result "0-1"]
[WhiteElo "1335"]
[BlackElo "1255"]
[PlyCount "88"]
[EventDate "2017.10.15"]
[EventType "team-tourn"]
[EventRounds "5"]
[EventCountry "GER"]
[SourceTitle "CBM 183 Extra"]
[Source "ChessBase"]
[SourceDate "2018.04.19"]
[SourceVersion "1"]
[SourceVersionDate "2018.04.19"]
[SourceQuality "1"]
[WhiteTeam "Gernsheim (W) II"]
[BlackTeam "Oberhessen (W)"]
[WhiteTeamCountry "GER"]
[BlackTeamCountry "GER"]

1. e4 e5 2. f4 exf4 3. Nf3 Be7 4. Bc4 Bh4+ 5. Ke2 d6 6. h3 Nc6 7. d4 Bg5 8. Nc3 Qe7 9. d5 Ne5 10. Nxe5 Qxe5 11. Qd3 a6 12. a4 Nf6 13. Qf3 Bh6 14. Bd2 g5 15. Ke1 Bg7 16. Rf1 Bd7 17. b3 c6 18. Rd1 Bf5 19. Qe2 Nxe4 20. Nxe4 Bxe4 21. dxc6 bxc6 22. b4 Bxg2 23. Qxe5+ dxe5 24. Rg1 f3 25. Kf2 e4 26. Bxg5 f6 27. Be3 h5 28. h4 Bh6 29. Rd6 Bxe3+ 30. Kxe3 f5 31. Rxc6 Rf8 32. Re6+ Kd7 33. Rd1+ Kc7 34. Rdd6 Ra7 35. Rc6+ Kb8 36. Rb6+ Rb7 37. Bxa6 Rxb6 38. Rxb6+ Kc7 39. Rg6 Bh3 40. Kf2 f4 41. b5 Bg4 42. b6+ Kb8 43. Bf1 e3+ 44. Ke1 f2# 0-1

[Event "Rhein Main op-B 20th"]
[Site "Bad Homburg"]
[Date "2017.06.14"]
[Round "1"]
[White "Arnold, Michael"]
[Black "Hanka, Katrin"]
[Result "1-0"]
[WhiteElo "1727"]
[BlackElo "1409"]
[PlyCount "53"]
[EventDate "2017.06.14"]
[EventType "swiss"]
[EventRounds "7"]
[EventCountry "GER"]
[SourceTitle "EXT 2018"]
[Source "ChessBase"]
[SourceDate "2017.10.13"]
[SourceVersion "1"]
[SourceVersionDate "2017.10.13"]
[SourceQuality "1"]

1. Nc3 d5 2. e4 d4 3. Nce2 e5 4. Ng3 Nf6 5. Bc4 Nc6 6. Nf3 Na5 7. Nxe5 Nxc4 8. Nxc4 Bg4 9. f3 Be6 10. d3 Be7 11. b3 Nd7 12. 0-0 0-0 13. f4 Bxc4 14. bxc4 a6 15. Nf5 Bc5 16. Bb2 Nf6 17. e5 Ne8 18. Qg4 Kh8 19. Rf3 b5 20. Rh3 g6 21. cxb5 axb5 22. Nh4 Ra6 23. f5 gxf5 24. Nxf5 Rg6 25. Qh5 Rxg2+ 26. Kxg2 Qd5+ 27. Kf2 1-0

[Event "GER-chT Federal Cup (Women)"]
[Site "Braunfels"]
[Date "2013.06.01"]
[Round "4.4"]
[White "Hanka, Katrin"]
[Black "Hielscher, Ursula"]
[Result "0-1"]
[WhiteElo "1353"]
[BlackElo "1904"]
[PlyCount "98"]
[EventDate "2013.05.30"]
[EventType "team-swiss"]
[EventRounds "5"]
[EventCountry "GER"]
[SourceTitle "EXT 2014"]
[Source "ChessBase"]
[SourceDate "2013.11.20"]
[SourceVersion "1"]
[SourceVersionDate "2013.11.20"]
[SourceQuality "1"]
[WhiteTeam "Hessen (W) II"]
[BlackTeam "Schleswig Holstein (W)"]
[WhiteTeamCountry "GER"]
[BlackTeamCountry "GER"]

1. d4 Nf6 2. Nf3 g6 3. Bf4 Bg7 4. c4 d6 5. Nc3 0-0 6. Qd2 Re8 7. e4 Nfd7 8. e5 dxe5 9. Nxe5 Nxe5 10. Bxe5 Bxe5 11. dxe5 Qxd2+ 12. Kxd2 Nc6 13. f4 Bf5 14. Ke3 Rad8 15. Nd5 Rd7 16. Rd1 Nb4 17. a3 Nc2+ 18. Kf2 c6 19. Bd3 Bxd3 20. Rxd3 cxd5 21. Rc1 Nxa3 22. bxa3 Rc8 23. Ke3 e6 24. Rcc3 Rdc7 25. Rd4 Rxc4 26. Rcxc4 Rxc4 27. Kd3 b5 28. a4 a6 29. g3 Kf8 30. h4 Ke7 31. g4 Rxd4+ 32. Kxd4 bxa4 33. Kc3 Kd7 34. Kb4 Kc6 35. Kxa4 Kc5 36. Kb3 a5 37. Kc3 a4 38. f5 gxf5 39. gxf5 exf5 40. h5 d4+ 41. Kd3 a3 42. Kc2 a2 43. Kb2 d3 44. Kxa2 d2 45. h6 d1Q 46. e6 Kc4 47. e7 Qb3+ 48. Ka1 Kc3 49. e8Q Qb2# 0-1

[Event "GER-chT Federal Cup (Women)"]
[Site "Braunfels"]
[Date "2013.05.30"]
[Round "1.4"]
[White "Hanka, Katrin"]
[Black "Zpevakova, Jana"]
[Result "0-1"]
[WhiteElo "1353"]
[BlackElo "1924"]
[PlyCount "58"]
[EventDate "2013.05.30"]
[EventType "team-swiss"]
[EventRounds "5"]
[EventCountry "GER"]
[SourceTitle "EXT 2014"]
[Source "ChessBase"]
[SourceDate "2013.11.20"]
[SourceVersion "1"]
[SourceVersionDate "2013.11.20"]
[SourceQuality "1"]
[WhiteTeam "Hessen (W) II"]
[BlackTeam "Wuerttemberg (W)"]
[WhiteTeamCountry "GER"]
[BlackTeamCountry "GER"]

1. d4 Nf6 2. Nf3 d6 3. c4 Nbd7 4. Nc3 e5 5. d5 Be7 6. e4 Nc5 7. Nd2 a5 8. b3 0-0 9. Be2 Ne8 10. 0-0 f5 11. f4 exf4 12. exf5 Bf6 13. Bb2 Bxf5 14. Rxf4 Be5 15. Rf1 Qg5 16. Nf3 Qe3+ 17. Kh1 Bxc3 18. Bxc3 Qxc3 19. Nd4 Bg6 20. Rxf8+ Kxf8 21. Ne6+ Nxe6 22. dxe6 Qe5 23. Bg4 Nf6 24. Qf1 Ke7 25. Re1 Qd4 26. Bh3 Rf8 27. Qe2 Ne4 28. Qe3 Qxe3 29. Rxe3 Rf1# 0-1

[Event "Hessen-ch Gr-F 64th"]
[Site "Bad Vilbel"]
[Date "2010.04.02"]
[Round "2"]
[White "Lochmann, Mirko"]
[Black "Hanka, Katrin"]
[Result "0-1"]
[WhiteElo "1218"]
[BlackElo "1299"]
[PlyCount "62"]
[EventDate "2010.03.31"]
[EventType "swiss"]
[EventRounds "5"]
[EventCountry "GER"]
[SourceTitle "EXT 2011"]
[Source "ChessBase"]
[SourceDate "2010.11.26"]
[SourceVersion "1"]
[SourceVersionDate "2010.11.26"]
[SourceQuality "1"]

1. c4 g6 2. Nc3 Bg7 3. e4 Nc6 4. d3 d6 5. Be2 Nf6 6. f4 e6 7. Nf3 Bd7 8. 0-0 0-0 9. Be3 Ne8 10. d4 Qe7 11. e5 dxe5 12. fxe5 f6 13. exf6 Nxf6 14. Bg5 Qb4 15. Qc2 Ne8 16. Rad1 Rxf3 17. Rxf3 Nxd4 18. Rxd4 Bxd4+ 19. Kh1 Nd6 20. b3 Bc6 21. Rd3 Bxc3 22. Rxc3 Ne4 23. Bf6 Nxf6 24. h3 Ne4 25. Rf3 Qe1+ 26. Kh2 Nf2 27. Rf6 Qh1+ 28. Kg3 Qxg2+ 29. Kh4 Qxh3+ 30. Kg5 h6+ 31. Kf4 Qh4+ 0-1